The distiller of London : compiled and set forth by the special license and command of the King's Most Excellent Majesty, for the sole use of the Company of Distillers of London, and by them to be duly observed and practiced.

Bibliographic Details
Corporate Author: Company of Distillers of London
Other Authors: Mayerne, Théodore Turquet de, Sir, 1573-1655, Cademan, Thomas, Sir, 1590?-1651
Format: Microform Book
Language:English
Series:Early English books, 1641-1700 ; 664:8.
Subjects:

MARC

Tag First Indicator Second Indicator Subfields
LEADER 00000cam a2200000 a 4500
001 in00000962000
005 20150926142218.0
007 hd afv|||baca
008 850822s1698 miua a 00010 eng d
035 |a (OCoLC)12412921 
035 |9 AEU5434AM 
037 |a CL0037000019  |b UMI 
037 |b University Microfilms International, 300 N. Zeeb Road, Ann Arbor, MI 48106. 
040 |a EAA  |c EAA  |d m/c  |d UtOrBLW 
049 |a TXAI 
099 |a film   |a  B   |a  3609 
110 2 |a Company of Distillers of London. 
245 1 4 |a The distiller of London :  |b compiled and set forth by the special license and command of the King's Most Excellent Majesty, for the sole use of the Company of Distillers of London, and by them to be duly observed and practiced. 
264 3 |a London :  |b Printed by Sarah Paske ... for the Company of Distillers,  |c 1698. 
300 |a 2 unnumbered pages, 68 pages :  |b illustrations 
336 |a text  |b txt  |2 rdacontent 
337 |a microform  |b h  |2 rdamedia 
338 |a microfilm reel  |b hd  |2 rdacarrier 
500 |a "To the Company of distillers": signed Theodorae Mayerne, Thomas Cademan. 
500 |a Reproduction of original in Huntington Library. 
510 4 |a Wing  |c D1693 
533 |a Microfilm.  |b Ann Arbor, Mich. :  |c University Microfilms,  |d 1977.  |e 1 microfilm reel ; 35 mm.  |f (Early English books, 1641-1700 ; 664:8) 
500 |a Microform. 
610 2 0 |a Company of Distillers of London. 
700 1 |a Mayerne, Théodore Turquet de,  |c Sir,  |d 1573-1655. 
700 1 |a Cademan, Thomas,  |c Sir,  |d 1590?-1651. 
830 0 |a Early English books, 1641-1700 ;  |v 664:8. 
999 |a MARS 
999 f f |s ebeca93e-bdde-304a-843e-a03660d68334  |i 51304c71-44ff-3b8a-8ab0-232f0b6dbf4d  |t 0 
952 f f |p default  |a Texas A&M University  |b College Station  |c Sterling C. Evans Library  |d Evans: Microforms (3rd floor)  |t 0  |e film B 3609 664:8  |h Other scheme  |i microform -- microfilm reel 
998 f f |a film B 3609 664:8  |t 0  |l Evans: Microforms (3rd floor)